000 00927cam a2200265 i 4500
001 2235919
003 OSt
005 20150903115846.0
008 771102s1977 dcua b 001 0 eng
010 _a 76057001
020 _a0870442325 :
_c$5.75
040 _aSEKU
050 0 0 _aRS 164
_b.A3
100 1 _aAikman, Lonnelle.
245 1 0 _aNature's healing arts :
_bfrom folk medicine to modern drugs
_cby Lonnelle Aikman ; photos. by Nathan Benn and Ira Block ; paintings by Tony Chen ; prepared by the Special Publications Division.
260 _aWashington :
_bNational Geographic Society,
_cc1977.
300 _a199 p. :
_bill. ;
_c27 cm.
500 _aIncludes index.
504 _aBibliography: p. 196.
650 0 _aMateria medica, Vegetable.
650 0 _aTraditional medicine.
650 0 _aPharmacognosy.
710 2 _aNational Geographic Society (U.S.).
_bSpecial Publications Division.
942 _2lcc
_cGEN
999 _c8653
_d8653